000 01644nam a2200433Ii 4500
001 DIGANAGRA0067
003 NyNyDIG
006 m o d
007 cr |||||||||||
008 150401t20132013sp ob 001 0 spa d
035 _a(OCoLC)992053837
040 _aDGITA
_beng
_erda
_epn
_cDGITA
020 _a9788433927781
_q(eBook ;
_qePub)
020 _z9788433963543
020 _z8433963546
050 1 4 _aPQ6657.O9 eBook
100 1 _aGoytisolo, Luis,
_d1935-
_eauthor.
245 1 0 _aNaturaleza de la novela /
_cLuis Goytisolo.
250 _aEdición en formato digital.
264 1 _aBarcelona :
_bEditorial Anagrama,
_cabril de 2013.
264 4 _c©2013
300 _a1 online resource
336 _atext
_btxt
_2rdacontent
337 _acomputer
_bc
_2rdamedia
338 _aonline resource
_bcr
_2rdacarrier
490 1 _aColección Argumentos ;
_v452
504 _aIncludes bibliographical references and index.
586 _aPremio Herralde de Ensayo.
588 0 _aOnline resource; title from ePub title page (Digitalia, viewed April 20, 2015)
650 0 _aSpanish fiction
_y21th century
_xHistory and criticism.
655 0 _aElectronic books.
791 2 _aDigitalia (Firm),
_edistributor.
793 0 _gDigitalia Hispánica eBook Collection:
_aAnagrama
776 0 8 _iPrint version:
_aGoytisolo, Luis.
_tNaturaleza de la novela.
_dBarcelona : Editorial Anagrama, 2013
_z9788433963543
_w(OCoLC)857370522
830 0 _aColección Argumentos (Barcelona, Spain) ;
_v452.
856 4 0 _3Digitalia Hispánica
_uhttps://www.digitaliapublishing.com/a/32505/
910 _aPremium Collection: 2016
942 _cRAA
999 _c241373
_d241373